| 000 | 01323nam a2200253 a 4500 | ||
|---|---|---|---|
| 001 | BS0003052 | ||
| 003 | BR-BrBNA | ||
| 005 | 20230418192214.0 | ||
| 008 | 230308b |||||||| |||| 00| 0 por d | ||
| 040 |
_aBR-BrBNA _bpor _cBiblioteca Nacional de Agricultura |
||
| 041 | _apor | ||
| 072 | _aS81 | ||
| 090 | _aS81 BS0003052 | ||
| 100 | 1 | _aHerculano, Alexandre | |
| 245 | 1 | _aO Bobo / | |
| 250 | 1 | _a1. ed. | |
| 260 | 3 |
_aRio de janeiro, RJ: _bEdiouro, |
|
| 300 | _a116 p. | ||
| 500 | _aColeção prestígio. | ||
| 520 | 3 | _aE um dos romances históricos de Alexandre Herculano. A fantasia que acompanha a realidade deve-se à prodigiosa imaginaçao do poeta á sombra das suas árduas tarefas de arquivista. Nenhum escritor descreveu os costumes e os diversos aspectos da Idade Média com mais pormenores e precisao do que ele. E que o erudito historiador esteve sempre presente no pujante romancista. O herói aqui é Dom Bibas. o bobo, o truao de uma conturbada Corte portuguesa. Acima dos dramas e das tragédias pairava o seu riso diabólico. Suas satiras refletiam a sua alma esperta a acompanhar intrigas, ódios, desforras, vaidades, paixoes, no castelo, no burgo e em toda parte onde ferviam ânsias antagônicas. | |
| 650 | _aLITERATURA PORTUGUESA | ||
| 909 |
_a202304 _bSergio Santos _c56 _dSergio Santos |
||
| 942 | _cBK | ||
| 999 |
_c8114 _d8114 |
||